<?xml version="1.0" encoding="UTF-8"?>
<record
    xmlns:xsi="http://www.w3.org/2001/XMLSchema-instance"
    xsi:schemaLocation="http://www.loc.gov/MARC21/slim http://www.loc.gov/standards/marcxml/schema/MARC21slim.xsd"
    xmlns="http://www.loc.gov/MARC21/slim">

  <leader>01299nam a2200229 a 4500</leader>
  <controlfield tag="001">000048270</controlfield>
  <controlfield tag="003">OSt</controlfield>
  <controlfield tag="005">20250708144319.0</controlfield>
  <controlfield tag="008">181211s2013    dr ac         001 i spa d</controlfield>
  <datafield tag="020" ind1=" " ind2=" ">
    <subfield code="a">9789945471458</subfield>
  </datafield>
  <datafield tag="040" ind1=" " ind2=" ">
    <subfield code="a">DO-SdBNP</subfield>
    <subfield code="b">spa</subfield>
    <subfield code="c">BNPHU</subfield>
  </datafield>
  <datafield tag="082" ind1=" " ind2=" ">
    <subfield code="a">xxxx</subfield>
    <subfield code="b">B844c</subfield>
  </datafield>
  <datafield tag="100" ind1="1" ind2=" ">
    <subfield code="a">Bret&#xF3;n Mart&#xED;nez, Freddy Antonio de Jes&#xFA;s,</subfield>
    <subfield code="d">1947-</subfield>
    <subfield code="e">autor</subfield>
    <subfield code="9">11012</subfield>
  </datafield>
  <datafield tag="245" ind1="1" ind2="0">
    <subfield code="a">Cuerdos y recuerdos :</subfield>
    <subfield code="b">memorias /</subfield>
    <subfield code="c">Freddy Antonio de Jes&#xFA;s Bret&#xF3;n Mart&#xED;nez, Mons.</subfield>
  </datafield>
  <datafield tag="260" ind1=" " ind2=" ">
    <subfield code="a">Santo Domingo :</subfield>
    <subfield code="b">Amigo del Hogar,</subfield>
    <subfield code="c">2013.</subfield>
  </datafield>
  <datafield tag="300" ind1=" " ind2=" ">
    <subfield code="a">436 p. :</subfield>
    <subfield code="b">il., retrs. ;</subfield>
    <subfield code="c">24 cm.</subfield>
  </datafield>
  <datafield tag="500" ind1=" " ind2=" ">
    <subfield code="a">Incluye datos biogr&#xE1;ficos del autor en la solapa de la cubierta</subfield>
  </datafield>
  <datafield tag="505" ind1="0" ind2=" ">
    <subfield code="a">Liminar --</subfield>
    <subfield code="t">Infancia y adolescencia --</subfield>
    <subfield code="t">Seminarista --</subfield>
    <subfield code="t">Algunas experiencias pastorales --</subfield>
    <subfield code="t">Presbitero --</subfield>
    <subfield code="t">Equipo formador seminario Santo Tom&#xE1;s de Aquino --</subfield>
    <subfield code="t">Roma --</subfield>
    <subfield code="t">De Roma a Cienfuegos --</subfield>
    <subfield code="t">De nuevo en el seminario Santo Tom&#xE1;s de Aquino --</subfield>
    <subfield code="t">Se cumplen los pron&#xF3;sticos --</subfield>
    <subfield code="t">Recuerdos del lenguaje --</subfield>
    <subfield code="t">El trato con los otros obispos --</subfield>
    <subfield code="t">La divina providencia --</subfield>
    <subfield code="t">El Papa --</subfield>
    <subfield code="t">Sobre mis escritos. Algunos tropezones --</subfield>
    <subfield code="t">Obispo en la llamada era digital --</subfield>
    <subfield code="t">Experiencia sacerdotal --</subfield>
    <subfield code="t">Algunos recuerdos de familia --</subfield>
    <subfield code="t">Mi muerte --</subfield>
    <subfield code="t">Anexos.</subfield>
  </datafield>
  <datafield tag="590" ind1=" " ind2=" ">
    <subfield code="a">Inventariado, 2019/LP</subfield>
  </datafield>
  <datafield tag="910" ind1=" " ind2=" ">
    <subfield code="a">Inventariado, 2020 / LP</subfield>
  </datafield>
  <datafield tag="942" ind1=" " ind2=" ">
    <subfield code="2">ddc</subfield>
    <subfield code="c">LBS1</subfield>
  </datafield>
  <datafield tag="952" ind1=" " ind2=" ">
    <subfield code="0">0</subfield>
    <subfield code="1">0</subfield>
    <subfield code="2">ddc</subfield>
    <subfield code="7">1</subfield>
    <subfield code="8">PD</subfield>
    <subfield code="a">PD</subfield>
    <subfield code="b">PD</subfield>
    <subfield code="c">CT</subfield>
    <subfield code="d">2018-12-11</subfield>
    <subfield code="e">Donado</subfield>
    <subfield code="i">LF1</subfield>
    <subfield code="l">0</subfield>
    <subfield code="o">xxxx B844c</subfield>
    <subfield code="p">48270-10</subfield>
    <subfield code="r">2020-06-25</subfield>
    <subfield code="w">2020-06-25</subfield>
    <subfield code="y">LFPD</subfield>
  </datafield>
  <datafield tag="952" ind1=" " ind2=" ">
    <subfield code="0">0</subfield>
    <subfield code="1">0</subfield>
    <subfield code="2">ddc</subfield>
    <subfield code="7">2</subfield>
    <subfield code="a">BNPHU</subfield>
    <subfield code="b">BNPHU</subfield>
    <subfield code="c">CT</subfield>
    <subfield code="d">2017-11-30</subfield>
    <subfield code="e">Donado por Dr. Luciano M. P.</subfield>
    <subfield code="l">0</subfield>
    <subfield code="o">xxxx B844c</subfield>
    <subfield code="r">2020-10-20</subfield>
    <subfield code="t">e.2</subfield>
    <subfield code="w">2020-10-20</subfield>
    <subfield code="y">LBS1</subfield>
  </datafield>
  <datafield tag="952" ind1=" " ind2=" ">
    <subfield code="0">0</subfield>
    <subfield code="1">0</subfield>
    <subfield code="2">ddc</subfield>
    <subfield code="7">0</subfield>
    <subfield code="a">BNPHU</subfield>
    <subfield code="b">BNPHU</subfield>
    <subfield code="c">CT</subfield>
    <subfield code="d">2017-11-30</subfield>
    <subfield code="e">Donado por Dr. Luciano M. P.</subfield>
    <subfield code="l">0</subfield>
    <subfield code="o">xxxx B844c</subfield>
    <subfield code="r">2020-10-20</subfield>
    <subfield code="t">e. 3</subfield>
    <subfield code="w">2020-10-20</subfield>
    <subfield code="y">LBS1</subfield>
  </datafield>
  <datafield tag="952" ind1=" " ind2=" ">
    <subfield code="0">0</subfield>
    <subfield code="1">0</subfield>
    <subfield code="2">ddc</subfield>
    <subfield code="7">0</subfield>
    <subfield code="a">BNPHU</subfield>
    <subfield code="b">BNPHU</subfield>
    <subfield code="c">CT</subfield>
    <subfield code="d">2017-11-30</subfield>
    <subfield code="e">Donado por Dr. Luciano M. P.</subfield>
    <subfield code="l">0</subfield>
    <subfield code="o">xxxx B844c</subfield>
    <subfield code="r">2020-10-20</subfield>
    <subfield code="t">e. 4</subfield>
    <subfield code="w">2020-10-20</subfield>
    <subfield code="y">LBS1</subfield>
  </datafield>
  <datafield tag="999" ind1=" " ind2=" ">
    <subfield code="c">47758</subfield>
    <subfield code="d">47758</subfield>
  </datafield>
</record>
